Total quality management in action / (Record no. 343331)
[ view plain ]
| 000 -LEADER | |
|---|---|
| fixed length control field | 01096 a2200205 4500 |
| 020 ## - INTERNATIONAL STANDARD BOOK NUMBER | |
| International Standard Book Number | 0131386034 |
| 020 ## - INTERNATIONAL STANDARD BOOK NUMBER | |
| International Standard Book Number | 9780131386037 |
| 082 04 - DEWEY DECIMAL CLASSIFICATION NUMBER | |
| Classification number | 658.562 |
| 090 ## - LOCALLY ASSIGNED LC-TYPE CALL NUMBER (OCLC); LOCAL CALL NUMBER (RLIN) | |
| -- | 783 |
| -- | 783 |
| 100 1# - MAIN ENTRY--PERSONAL NAME | |
| Personal name | Gitlow, Howard S. |
| 245 10 - TITLE STATEMENT | |
| Title | Total quality management in action / |
| Statement of responsibility, etc. | Howard S. Gitlow. |
| 260 ## - PUBLICATION, DISTRIBUTION, ETC. | |
| Place of publication, distribution, etc. | [S.l.] : |
| Name of publisher, distributor, etc. | Prentice Hall, |
| Date of publication, distribution, etc. | 1994. |
| 300 ## - PHYSICAL DESCRIPTION | |
| Extent | 266 p. ; |
| Dimensions | 24 cm. |
| 500 ## - GENERAL NOTE | |
| General note | Hardcover. |
| 520 ## - SUMMARY, ETC. | |
| Summary, etc. | This volume provides an exceptionally straightforward and practical approach to the most commonly-asked questions in relation to quality management: How do we start? How do we do it? The authors provide insight and offer prescriptions for starting and pursuing a quality management effort, using a structured, systematic approach. The book features three in-depth, real-world case studies of various types of quality management in action. |
| 700 1# - ADDED ENTRY--PERSONAL NAME | |
| Personal name | Gitlow, Shelly J. |
| 856 40 - ELECTRONIC LOCATION AND ACCESS | |
| Materials specified | Amazon.com |
| Uniform Resource Identifier | <a href="http://www.amazon.com/exec/obidos/ASIN/0131386034/chopaconline-20">http://www.amazon.com/exec/obidos/ASIN/0131386034/chopaconline-20</a> |
| 856 40 - ELECTRONIC LOCATION AND ACCESS | |
| Materials specified | Amazon customer reviews |
| Uniform Resource Identifier | <a href="http://www.chopac.org/cgi-bin/tools/azrev.pl?q=0131386034">http://www.chopac.org/cgi-bin/tools/azrev.pl?q=0131386034</a> |
| 942 ## - ADDED ENTRY ELEMENTS (KOHA) | |
| Institution code [OBSOLETE] | NBS |
| Koha item type | Book |
| Call number prefix | 658.562 GIT |
| Withdrawn status | Lost status | Damaged status | Not for loan | Permanent Location | Current Location | Date acquired | Total Checkouts | Full call number | Barcode | Date last seen | Date last checked out | Price effective from | Koha item type | Public note |
|---|---|---|---|---|---|---|---|---|---|---|---|---|---|---|
| Write Off | Central Library (CL) | Central Library (CL) | 08/28/2013 | 1 | 658.562 GIT | NBS3149 | 07/02/2015 | 07/02/2015 | 08/28/2013 | Book | No:67/2004/NIMS, Dated:23 August 2004 |
